Language Quiz

Random Language Quiz

'En' Time Quiz Stats

 Plays Quiz not verified by Sporcle

Challenge
Share
Tweet
Score 0/16 Timer 05:00
0 Plays Today
Clue Answer % Correct
A happy audience may demand this after a performanceencore
92.7%
Something a postman deliversenvelope
86.8%
On the wayen route
84.4%
Double _____ (phrase with two interpretations)entendre
81%
It precedes dessertentrée
79.5%
One starting a new businessentrepreneur
76.5%
Group of musicians or actorsensemble
74.6%
Fencer's cryEn garde!
72.7%
Clue Answer % Correct
Emmy-winning HBO showEntourage
72.6%
A diplomat or a GMC modelenvoy
61.2%
Boredomennui
60.1%
A distinct region that lies within a larger territory or nation, like San Marinoenclave
48.3%
All together, as a crowden masse/en bloc
46.5%
Triple _____ (WWI alliance)Entente
43.4%
By the way, or a name for pawn capture in chessen passant
21%
Interval between two acts of a playentr'acte
20%

You're not logged in!

Compare scores with friends on all Sporcle quizzes.
Join for Free
OR
Log In

You Might Also Like...

Show Comments

Extras

Editor's Pick Oct 10, 2011ReportNominate
Tags:phrase, pronounced, starting

Top Quizzes Today


Score Distribution

Your Account Isn't Verified!

In order to create a playlist on Sporcle, you need to verify the email address you used during registration. Go to your Sporcle Settings to finish the process.

Report this User

Report this user for behavior that violates our Community Guidelines.

Details: